000 00816nam a22002297a 4500
008 240605b mp ||||| |||| 00| 0 mon d
020 _a99929-0-472-0
035 _a6720
040 _aDA0445040
_bmon
_cMN-UlNLM
_dMN-UlNLM
_erda
041 _amon
042 _a19851
084 _221
_a591.68
_bК.923
100 _aКуппэр Х.
245 0 _aХовордсон ан амьтан
264 _aУлаанбаатар
_bАдмон Хэвлэлийн газар
300 _a х.
336 _2rdacontent
_atext
_btxt
337 _2rdamedia
_aunmediated
_bn
338 _2rdacarrier
_avolume
_bnc
650 _aбүргэд, халиу, шилүүс, далайн нохой, цагаан өрөвтас, сохор номин, бах, зараа, сарьсан багваахай ...
942 _210-t
_cBK
999 _c742987
_d743044